000 00446nam a22001817a 4500
003 MPLRDC
005 20220104124356.0
008 210129b ||||| |||| 00| 0 eng d
020 _a7-5321-0075-0
082 _a782.891 CY-2
100 _a杨海根
245 _a曹禺的剧作道路
_c
250 _a一版一刷
260 _a中国
_b上海文艺出版社
_c1988
300 _b235
650 _a曹禺传记
942 _cBK
_o782.891 CY-2
999 _c18831
_d18821